Entry Personal Name
Number of records used in: 1
001 - CONTROL NUMBER
003 - CONTROL NUMBER IDENTIFIER
005 - DATE AND TIME OF LATEST TRANSACTION
- control field:
20231229150406.0
008 - FIXED-LENGTH DATA ELEMENTS
- fixed length control field:
110120n| azannaabn |a aaa
010 ## - LIBRARY OF CONGRESS CONTROL NUMBER
- LC control number:
n 2011004355
040 ## - CATALOGING SOURCE
- Original cataloging agency:
DLC
- Language of cataloging:
eng
- Transcribing agency:
DLC
- Modifying agency:
DLC
- Description conventions:
rda
100 1# - HEADING--PERSONAL NAME
- Personal name:
Wang, Ruzhu
400 1# - SEE FROM TRACING--PERSONAL NAME
- Personal name:
Wang, Ru-zhu
400 1# - SEE FROM TRACING--PERSONAL NAME
670 ## - SOURCE DATA FOUND
- Source citation:
Chao liu hai chuan re, 2009:
- Information found:
t.p. (王如竹, Wang Ruzhu)
670 ## - SOURCE DATA FOUND
- Source citation:
Adsorption refrigeration technology, 2014:
- Information found:
title page (Ruzhu Wang) data view (Wang, Ruzhu)
670 ## - SOURCE DATA FOUND
- Source citation:
School of Mechanical Engineering, Shanghai JiaoTong University website, January 8, 2014
- Information found:
(WANG Ru-Zhu; professor, Institute of Refrigeration and Cryogenics; editor of Adsorption refrigeration technology : theory and application, John Wiley & Sons Inc., to press in March 2014 (in English); Heat transfer to superfluid helium (co-authored with Zhang Peng), Science Press, Beijing, January 2009 (in Chinese); among numerous other publications)
670 ## - SOURCE DATA FOUND
- Source citation:
Email from publisher (John Wiley & Sons, Inc.), February 11, 2014
- Information found:
(Ruzhu Wang; born 12/22/1964)